[Event "NED-ch U20 op"]
[Site "Borne"]
[Date "2019.08.05"]
[Round "1"]
[White "Baselmans, Sam"]
[Black "Hofstra, Tijmen"]
[Result "1-0"]
[WhiteElo "2064"]
[BlackElo "1732"]
[PlyCount "63"]
[EventDate "2019.08.05"]
[EventType "swiss"]
[EventRounds "9"]
[EventCountry "NED"]
[SourceTitle "CBM 191 Extra"]
[Source "ChessBase"]
[SourceDate "2019.09.30"]
[SourceVersion "1"]
[SourceVersionDate "2019.09.30"]
[SourceQuality "1"]

1. e4 c5 2. Nc3 a6 3. Nge2 b5 4. g3 Bb7 5. Bg2 Nf6 6. d3 d6 7. 0-0 e5 8. f4 Qb6 9. h3 Nbd7 10. Be3 b4 11. Na4 Qa5 12. b3 Be7 13. Nb2 d5 14. fxe5 Nxe5 15. Rf5 Qc7 16. Bf4 Bd6 17. exd5 Nxd5 18. Nc4 f6 19. d4 Nxc4 20. Bxd5 Nb2 21. Qc1 Bxf4 22. Nxf4 Qd7 23. Qe3+ Kd8 24. Ne6+ Kc8 25. Bxb7+ Qxb7 26. Rxc5+ Kd7 27. Rc7+ Qxc7 28. Nxc7 Kxc7 29. Qe7+ Kc6 30. Qxb4 Rhe8 31. Re1 Kd5 32. Qc5# 1-0

[Event "Groningen op-B 55th"]
[Site "Groningen"]
[Date "2017.12.29"]
[Round "8"]
[White "Hofstra, Tijmen"]
[Black "Welling, Sophie"]
[Result "1-0"]
[WhiteElo "1546"]
[BlackElo "1717"]
[PlyCount "93"]
[EventDate "2017.12.22"]
[EventType "swiss"]
[EventRounds "9"]
[EventCountry "NED"]
[SourceTitle "CBM 182 Extra"]
[Source "ChessBase"]
[SourceDate "2018.02.23"]
[SourceVersion "1"]
[SourceVersionDate "2018.02.23"]
[SourceQuality "1"]

1. e4 c5 2. b3 e6 3. Nf3 Nc6 4. Bb2 Nf6 5. e5 Nd5 6. c4 Nb6 7. Nc3 a6 8. a4 Rb8 9. Ne4 Na8 10. d4 cxd4 11. Nxd4 Bb4+ 12. Bc3 Bxc3+ 13. Nxc3 Nxe5 14. f4 Nc6 15. Nxc6 bxc6 16. Bd3 Qb6 17. Rb1 Nc7 18. b4 Qe3+ 19. Ne2 Qa7 20. c5 Nd5 21. Qd2 0-0 22. 0-0 d6 23. Nd4 Bd7 24. Rfc1 dxc5 25. bxc5 Rxb1 26. Bxb1 Rb8 27. Be4 Qc7 28. g3 a5 29. Rb1 Rxb1+ 30. Bxb1 Nb4 31. Be4 e5 32. Nb3 f5 33. Bg2 Be6 34. Qd6 Qxd6 35. cxd6 Kf8 36. Nc5 e4 37. Nxe6+ Ke8 38. Nxg7+ Kd7 39. Nxf5 c5 40. Bxe4 Na2 41. Ne3 Nc3 42. Bxh7 Nxa4 43. Nc4 Nc3 44. Bf5+ Kd8 45. Nxa5 Nd5 46. Nc6+ Ke8 47. d7+ 1-0

[Event "NED-ch U18/20"]
[Site "Assen"]
[Date "2017.04.25"]
[Round "4"]
[White "Hofstra, Tijmen"]
[Black "Kalle, Erwin"]
[Result "0-1"]
[WhiteElo "1558"]
[BlackElo "2039"]
[PlyCount "60"]
[EventDate "2017.04.23"]
[EventType "swiss"]
[EventRounds "9"]
[EventCountry "NED"]
[SourceTitle "CBM 178 Extra"]
[Source "ChessBase"]
[SourceDate "2017.06.22"]
[SourceVersion "1"]
[SourceVersionDate "2017.06.22"]
[SourceQuality "1"]

1. e4 e5 2. Nf3 Nc6 3. Bc4 Bc5 4. c3 Nf6 5. d3 0-0 6. Bb3 d5 7. Qe2 Re8 8. 0-0 h6 9. Re1 a6 10. exd5 Nxd5 11. d4 Ba7 12. dxe5 Bg4 13. Nbd2 Nxe5 14. Qxe5 Rxe5 15. Rxe5 Nf6 16. h3 Bh5 17. Nh4 Qd3 18. Ndf3 Bxf3 19. Nxf3 Ne4 20. Be3 Bxe3 21. fxe3 Qxe3+ 22. Kh2 Qf4+ 23. Kg1 Nd2 24. Rae1 Nxf3+ 25. gxf3 Qg3+ 26. Kh1 Qxh3+ 27. Kg1 Qg3+ 28. Kf1 Qxf3+ 29. Kg1 Rd8 30. Bc2 g6 0-1

[Event "NED-ch U18/20"]
[Site "Assen"]
[Date "2017.04.24"]
[Round "3"]
[White "De Boer, Bas"]
[Black "Hofstra, Tijmen"]
[Result "1-0"]
[WhiteElo "2107"]
[BlackElo "1558"]
[PlyCount "115"]
[EventDate "2017.04.23"]
[EventType "swiss"]
[EventRounds "9"]
[EventCountry "NED"]
[SourceTitle "CBM 178 Extra"]
[Source "ChessBase"]
[SourceDate "2017.06.22"]
[SourceVersion "1"]
[SourceVersionDate "2017.06.22"]
[SourceQuality "1"]

1. d4 d5 2. c4 e6 3. Nc3 Nf6 4. Nf3 Bb4 5. Bg5 c6 6. e3 Nbd7 7. Nd2 Qa5 8. Qc2 dxc4 9. Bxf6 Nxf6 10. Bxc4 Nd5 11. Rc1 Nxc3 12. bxc3 Be7 13. Bd3 h6 14. 0-0 0-0 15. Nc4 Qc7 16. Ne5 c5 17. Bh7+ Kh8 18. Be4 Bd7 19. Rb1 Rab8 20. Qe2 Be8 21. f4 f5 22. Bf3 Bd6 23. Nc4 cxd4 24. cxd4 Bc6 25. Rfc1 Qd7 26. Nxd6 Qxd6 27. Bxc6 bxc6 28. Qa6 Rxb1 29. Rxb1 Rb8 30. Rc1 Qd5 31. Qxa7 Rb2 32. Qa8+ Kh7 33. Qxc6 Qxa2 34. Qf3 Rc2 35. Rxc2 Qxc2 36. h3 Kg6 37. Qf2 Qc1+ 38. Kh2 Qd1 39. Qa2 Kf6 40. Qa5 Qb3 41. Qe5+ Kg6 42. e4 fxe4 43. Qxe4+ Kf7 44. f5 Qb8+ 45. Kg1 Qb6 46. Qxe6+ Qxe6 47. fxe6+ Kxe6 48. Kf2 Kd5 49. Ke3 g6 50. g3 Kd6 51. Ke4 Ke6 52. d5+ Kd6 53. Kd4 Kd7 54. Ke5 h5 55. Kf6 h4 56. gxh4 Kd6 57. Kxg6 Kxd5 58. h5 1-0

[Event "NED-ch U18"]
[Site "Rotterdam"]
[Date "2016.04.30"]
[Round "2"]
[White "Yang, Wang"]
[Black "Hofstra, Tijmen"]
[Result "1-0"]
[WhiteElo "1930"]
[BlackElo "927"]
[PlyCount "61"]
[EventDate "2016.04.29"]
[EventType "swiss"]
[EventRounds "9"]
[EventCountry "NED"]
[SourceTitle "CBM 172 Extra"]
[Source "ChessBase"]
[SourceDate "2016.06.21"]
[SourceVersion "1"]
[SourceVersionDate "2016.06.21"]
[SourceQuality "1"]

1. Nf3 c5 2. e4 e6 3. d4 cxd4 4. Nxd4 Bc5 5. Nb3 Bb6 6. Nc3 Ne7 7. Bg5 f6 8. Bh4 Ng6 9. Bg3 0-0 10. Qd2 Nc6 11. 0-0-0 Bc7 12. f4 Qe7 13. h4 Rd8 14. h5 Nf8 15. e5 d5 16. Kb1 Nd7 17. Bh4 Rf8 18. Nb5 Bb8 19. N5d4 Qe8 20. exf6 Nxf6 21. Bxf6 Rxf6 22. g3 a6 23. Bg2 Bd7 24. Rde1 Bd6 25. Bxd5 Nb4 26. Bg2 Qf7 27. Nf3 Nd5 28. Ng5 Qf8 29. Ne4 Be7 30. Nxf6+ Nxf6 31. Qe2 1-0

[Event "NED-ch U18"]
[Site "Rotterdam"]
[Date "2016.04.29"]
[Round "1"]
[White "Hofstra, Tijmen"]
[Black "Zevenhuizen, Daniel"]
[Result "0-1"]
[WhiteElo "927"]
[BlackElo "2064"]
[PlyCount "98"]
[EventDate "2016.04.29"]
[EventType "swiss"]
[EventRounds "9"]
[EventCountry "NED"]
[SourceTitle "CBM 172 Extra"]
[Source "ChessBase"]
[SourceDate "2016.06.21"]
[SourceVersion "1"]
[SourceVersionDate "2016.06.21"]
[SourceQuality "1"]

1. e4 d6 2. d4 Nf6 3. Nc3 g6 4. Nf3 Bg7 5. Be2 0-0 6. 0-0 e6 7. Bg5 h6 8. Bh4 g5 9. Bg3 Nh5 10. h3 Nxg3 11. fxg3 Nc6 12. Qd2 b6 13. Nd1 Bb7 14. Nf2 Ne7 15. Bd3 c5 16. c3 cxd4 17. Nxd4 Ng6 18. Nf3 Qe7 19. Qe3 Rac8 20. Ng4 Rc5 21. h4 h5 22. Ngh2 gxh4 23. Nxh4 Nxh4 24. gxh4 Qxh4 25. Rf4 Bh6 26. Raf1 Bxf4 27. Rxf4 Qg5 28. Nf3 Qg7 29. Nh4 Rg5 30. Bf1 d5 31. Nf3 Rg4 32. Rxg4 hxg4 33. Nh2 g3 34. Nf3 dxe4 35. Ng5 Qe5 36. Nh3 Qc5 37. Qxc5 bxc5 38. c4 Rd8 39. Nf4 Rd1 40. Ne2 e3 41. Nxg3 f5 42. Ne2 Be4 43. Nc3 Ra1 44. Nxe4 fxe4 45. b3 e2 46. Kh2 Rxf1 47. g3 e1Q 48. a3 Rh1+ 49. Kg2 Qg1# 0-1